| 000 | 00723nam a22001937a 4500 | ||
|---|---|---|---|
| 005 | 20100811120312.0 | ||
| 010 | _aENG-99533 | ||
| 020 |
_a9788124114322 _c1500.00 |
||
| 035 | _aEN-83065 | ||
| 037 | _bDBAD/PUB | ||
| 082 | _a327.172 | ||
| 100 |
_aBhim Singh _910705 |
||
| 245 |
_aPeace mission : _baround the world on motorcycle / _cby Bhim Singh |
||
| 260 |
_aNew Delhi _bHar-Anand Publications _c2009 |
||
| 270 |
_aE-49/3, Okhla Insdustrial Area, Phase-II _bNew Delhi _e110020 |
||
| 300 |
_av.1 (319p.) _c22cm (Hb) |
||
| 942 |
_2ddc _cEN _h327.172 _mBHI |
||
| 999 |
_c40909 _d40909 |
||